000 004150000a22001810004500
001 440
003 CO-MdFUSB
005 20170607114546.0
008 170607b xxu||||| |||| 00| 0 eng d
040 _cCO-MdBIC
082 0 4 _a863C B862ju
100 1 _aPez, Alberto
245 1 0 _aJungla en casa / Pez y Cubillas
260 _aBogotá : Norma
300 _a33 P.
650 1 4 _aLiteratura Infantil
942 _cLGB
999 _c47678
_d47678